[Event "Sofia MGU op 39th"]
[Site "Sofia"]
[Date "2011.10.22"]
[Round "1"]
[White "Kostov, Nikolai"]
[Black "Ivanov, Ivan Vl"]
[Result "1/2-1/2"]
[WhiteElo "1981"]
[BlackElo "2136"]
[PlyCount "43"]
[EventDate "2011.10.22"]
[EventType "swiss"]
[EventRounds "6"]
[EventCountry "BUL"]
[SourceTitle "EXT 2013"]
[Source "ChessBase"]
[SourceDate "2012.11.22"]
[SourceVersion "1"]
[SourceVersionDate "2012.11.22"]
[SourceQuality "1"]

1. d4 c5 2. d5 Nf6 3. Nf3 d6 4. Nc3 g6 5. e4 Bg7 6. Be2 Bg4 7. h3 Bxf3 8. Bxf3 Nbd7 9. Be3 Ne5 10. Be2 0-0 11. Qd2 Re8 12. f4 Ned7 13. 0-0 e6 14. dxe6 Rxe6 15. Bc4 Nxe4 16. Nxe4 Rxe4 17. Bd5 Rxe3 18. c3 Re7 19. f5 Kh8 20. fxg6 fxg6 21. Bxb7 Rb8 22. Bf3 1/2-1/2

[Event "Buenos Aires Bolivar op 3rd"]
[Site "Buenos Aires"]
[Date "2010.06.29"]
[Round "5"]
[White "Real de Azua, Ernesto"]
[Black "Ivanov, Ivan Vl"]
[Result "1-0"]
[WhiteElo "2445"]
[BlackElo "2136"]
[PlyCount "63"]
[EventDate "2010.06.24"]
[EventType "swiss"]
[EventRounds "7"]
[EventCountry "ARG"]
[SourceTitle "EXT 2011"]
[Source "ChessBase"]
[SourceDate "2010.11.26"]
[SourceVersion "1"]
[SourceVersionDate "2010.11.26"]
[SourceQuality "1"]

1. e4 e5 2. Nf3 Nc6 3. d4 exd4 4. Nxd4 Nf6 5. Nxc6 bxc6 6. e5 Nd5 7. Bd3 Bb4+ 8. c3 Bc5 9. Qg4 g6 10. 0-0 0-0 11. Qg3 a5 12. Nd2 f5 13. Nb3 Be7 14. Nd4 Bh4 15. Qh3 Bg5 16. f4 Be7 17. g4 Bc5 18. gxf5 gxf5 19. Bxf5 Qe7 20. Kh1 Ba6 21. Bd3 Bxd3 22. Qxd3 Kh8 23. Bd2 Rae8 24. Rae1 Qf7 25. f5 Ne7 26. e6 dxe6 27. Nxe6 Rg8 28. Nxc5 Rd8 29. Nd7 Nc8 30. Qd4+ Rg7 31. Bh6 Rxd7 32. Bxg7+ 1-0

[Event "Buenos Aires Najdorf Centenary op"]
[Site "Buenos Aires"]
[Date "2010.04.05"]
[Round "8"]
[White "Ivanov, Ivan Vl"]
[Black "De Anna, Marcos"]
[Result "1-0"]
[WhiteElo "2131"]
[BlackElo "1936"]
[PlyCount "47"]
[EventDate "2010.04.04"]
[EventType "swiss"]
[EventRounds "9"]
[EventCountry "ARG"]
[SourceTitle "CBM 136 Extra"]
[Source "ChessBase"]
[SourceDate "2010.07.02"]
[SourceVersion "2"]
[SourceVersionDate "2010.07.15"]
[SourceQuality "1"]

1. e4 g6 2. d4 Bg7 3. Nc3 d6 4. Be3 a6 5. Qd2 Nd7 6. f3 b5 7. h4 h5 8. Nh3 Bb7 9. Ng5 c5 10. d5 Ngf6 11. Be2 Ne5 12. Bf4 Nfd7 13. Nd1 Nb6 14. Ne3 c4 15. c3 Na4 16. 0-0 Rb8 17. Rab1 0-0 18. Nc2 Qd7 19. Nd4 Rfe8 20. Bg3 Nb6 21. f4 Ng4 22. f5 Nf6 23. fxg6 fxg6 24. Qc2 1-0

[Event "Plovdiv Tringov Memorial"]
[Site "Plovdiv"]
[Date "2004.02.19"]
[Round "5"]
[White "Ivanov, Ivan Vl"]
[Black "Manolov, Ivan"]
[Result "0-1"]
[WhiteElo "2151"]
[BlackElo "2250"]
[PlyCount "82"]
[EventDate "2004.02.16"]
[EventType "swiss"]
[EventRounds "9"]
[EventCountry "BUL"]
[SourceTitle "CBM 098 Extra"]
[Source "ChessBase"]
[SourceDate "2004.03.10"]
[SourceVersion "2"]
[SourceVersionDate "2004.03.10"]
[SourceQuality "1"]

1. Nf3 Nf6 2. c4 c5 3. Nc3 Nc6 4. g3 d5 5. d4 e6 6. cxd5 Nxd5 7. Bg2 Nf6 8. Ne5 Nxe5 9. dxe5 Qxd1+ 10. Nxd1 Nd7 11. f4 Rb8 12. Be3 b6 13. Nc3 Bb7 14. Bxb7 Rxb7 15. 0-0-0 f6 16. exf6 Nxf6 17. h3 Be7 18. Bf2 b5 19. Rhf1 0-0 20. g4 b4 21. Nb1 Nd5 22. f5 Bg5+ 23. Kc2 b3+ 24. axb3 Nb4+ 25. Kc3 exf5 26. Bxc5 Rc8 27. Rxf5 Be7 28. Kc4 Na6 29. Rdd5 Nxc5 30. Rxc5 Bxc5 31. Rxc5 Rxc5+ 32. Kxc5 Rxb3 33. Nc3 Rxb2 34. e4 Rc2 35. Kd4 Rxc3 36. Kxc3 Kf7 37. Kd4 Ke6 38. h4 a5 39. g5 a4 40. h5 a3 41. Kc3 Ke5 0-1

[Event "Borovetz op"]
[Site "Borovetz"]
[Date "2003.06.27"]
[Round "5"]
[White "Ivanov, Ivan Vl"]
[Black "Drenchev, Petar"]
[Result "1/2-1/2"]
[WhiteElo "2138"]
[BlackElo "2410"]
[PlyCount "45"]
[EventDate "2003.06.24"]
[EventType "swiss"]
[EventRounds "7"]
[EventCountry "BUL"]
[SourceTitle "EXT 2005"]
[Source "ChessBase"]
[SourceDate "2004.11.15"]
[SourceVersion "1"]
[SourceVersionDate "2004.11.15"]
[SourceQuality "1"]

1. Nf3 Nf6 2. c4 e6 3. Nc3 Bb4 4. Qc2 c5 5. a3 Ba5 6. d4 cxd4 7. Nxd4 d5 8. b4 Bc7 9. cxd5 0-0 10. Bg5 Be5 11. e3 exd5 12. Nf3 Bf5 13. Bd3 Bxd3 14. Qxd3 Bxc3+ 15. Qxc3 Ne4 16. Bxd8 Nxc3 17. Bh4 a5 18. bxa5 Nc6 19. Rc1 Ne4 20. Rb1 Nxa5 21. Rd1 Nc6 22. Rxd5 Rxa3 23. 0-0 1/2-1/2

[Event "Borovetz op"]
[Site "Borovetz"]
[Date "2003.06.25"]
[Round "2"]
[White "Ivanov, Ivan Vl"]
[Black "Dobrev, Nanko"]
[Result "1-0"]
[WhiteElo "2131"]
[BlackElo "2362"]
[PlyCount "43"]
[EventDate "2003.06.24"]
[EventType "swiss"]
[EventRounds "7"]
[EventCountry "BUL"]
[SourceTitle "EXT 2005"]
[Source "ChessBase"]
[SourceDate "2004.11.15"]
[SourceVersion "1"]
[SourceVersionDate "2004.11.15"]
[SourceQuality "1"]

1. Nf3 Nf6 2. c4 e6 3. Nc3 d5 4. d4 Be7 5. Bg5 0-0 6. e3 h6 7. Bh4 b6 8. Qb3 Bb7 9. Bxf6 Bxf6 10. cxd5 exd5 11. Rd1 Re8 12. Bd3 c6 13. 0-0 Nd7 14. Rfe1 Nf8 15. e4 dxe4 16. Bc4 Ne6 17. Nxe4 Kf8 18. Qe3 Qe7 19. Ne5 Rad8 20. Bxe6 Qxe6 21. Nxf6 Qxf6 22. Nd7+ 1-0

[Event "Macedonian op"]
[Site "Struga"]
[Date "2002.07.27"]
[Round "8"]
[White "Ivanov, Ivan Vl"]
[Black "Menkinoski, Riste"]
[Result "1/2-1/2"]
[WhiteElo "2093"]
[BlackElo "2212"]
[PlyCount "39"]
[EventDate "2002.07.20"]
[EventType "swiss"]
[EventRounds "9"]
[EventCountry "MKD"]
[SourceTitle "CBM 089 Extra"]
[Source "ChessBase"]
[SourceDate "2002.09.10"]
[SourceVersion "2"]
[SourceVersionDate "2002.09.10"]
[SourceQuality "1"]

1. Nf3 Nf6 2. c4 g6 3. Nc3 Bg7 4. e4 d6 5. d4 0-0 6. Be2 e5 7. 0-0 Qe8 8. dxe5 dxe5 9. Be3 b6 10. h3 Bb7 11. Qc2 Nc6 12. Nd5 Rc8 13. Rfd1 Nd4 14. Nxd4 exd4 15. Bxd4 Nxe4 16. Bxg7 Kxg7 17. Bf3 Bxd5 18. Rxd5 c6 19. Rd3 Nc5 20. Re3 1/2-1/2

[Event "Macedonian op"]
[Site "Struga"]
[Date "2002.07.24"]
[Round "5"]
[White "Bujukliev, Nikola"]
[Black "Ivanov, Ivan Vl"]
[Result "1-0"]
[WhiteElo "2180"]
[BlackElo "2093"]
[PlyCount "123"]
[EventDate "2002.07.20"]
[EventType "swiss"]
[EventRounds "9"]
[EventCountry "MKD"]
[SourceTitle "CBM 089 Extra"]
[Source "ChessBase"]
[SourceDate "2002.09.10"]
[SourceVersion "2"]
[SourceVersionDate "2002.09.10"]
[SourceQuality "1"]

1. e4 c6 2. Nc3 d5 3. Qf3 Nf6 4. e5 Nfd7 5. Qg3 e6 6. Nf3 b6 7. Be2 Ba6 8. d3 c5 9. 0-0 Nc6 10. Re1 Qc7 11. Bd1 0-0-0 12. a4 h6 13. Qf4 Ndb8 14. h4 g6 15. Nb5 Qd7 16. Nh2 g5 17. hxg5 hxg5 18. Qxg5 Bxb5 19. axb5 Nd4 20. c3 Be7 21. Qf4 Nf5 22. Ng4 Rh7 23. g3 Rdh8 24. Bf3 Qxb5 25. Rxa7 Qxd3 26. Kg2 Qb5 27. Qa4 Qxa4 28. Rxa4 Nc6 29. Bf4 Kb7 30. Raa1 Na5 31. Rh1 Rxh1 32. Rxh1 Rxh1 33. Kxh1 c4 34. Kg2 Nb3 35. Nh6 Nxh6 36. Bxh6 Nc5 37. Bh5 f6 38. exf6 Bxf6 39. Bf7 Kc6 40. g4 Kd6 41. g5 Bxg5 42. Bxg5 Nd3 43. Kf1 Nxb2 44. Ke2 Nd3 45. Bg6 Nc5 46. Be3 Nd7 47. Bg5 Nc5 48. Bh6 Nd7 49. Bg7 Nb8 50. f4 Nc6 51. Be8 Nd8 52. Be5+ Ke7 53. Ba4 Nb7 54. Ke3 Nc5 55. Bc2 Kd7 56. Bg7 Ke7 57. Kd4 Kf7 58. Be5 Nd7 59. Ba4 Nc5 60. Bc2 Nd7 61. Bc7 b5 62. Bd6 1-0

[Event "WICC qual Dubai sf 25'+10"]
[Site "FIDE.com"]
[Date "2001.09.28"]
[Round "3"]
[White "Ivanov, Ivan Vl"]
[Black "Sarthou, Gaetan"]
[Result "1/2-1/2"]
[WhiteElo "2048"]
[BlackElo "2357"]
[PlyCount "70"]
[EventDate "2001.09.26"]
[EventType "swiss"]
[EventRounds "9"]
[EventCountry "UAE"]
[SourceTitle "EXT 2003"]
[Source "ChessBase"]
[SourceDate "2002.11.25"]
[SourceVersion "1"]
[SourceVersionDate "2002.11.25"]
[SourceQuality "1"]

1. c4 Nf6 2. Nc3 d5 3. cxd5 Nxd5 4. g3 Nxc3 5. bxc3 g6 6. Bg2 Bg7 7. Rb1 Nc6 8. Qa4 0-0 9. Bxc6 bxc6 10. Qxc6 Be6 11. Qa4 Qd5 12. Nf3 Qxa2 13. Qxa2 Bxa2 14. Rb7 Rfc8 15. e4 f5 16. Rb5 fxe4 17. Ng5 Bc4 18. Ra5 Bd3 19. Ne6 Kf7 20. Nxg7 Kxg7 21. h4 Rcb8 22. f3 exf3 23. Kf2 Rb5 24. Rxb5 Bxb5 25. Ba3 Kf6 26. c4 Bxc4 27. Rc1 Bd5 28. Rxc7 Re8 29. Rxa7 h5 30. Rd7 Ba8 31. Bb4 Bc6 32. Rc7 Bd5 33. Rd7 Bc6 34. Rc7 Ba8 35. Rd7 Bc6 1/2-1/2